The promise of Bultmann / (Record no. 15987)

MARC details
000 -LEADER
fixed length control field 01054nam a2200217 a 4500
003 - CONTROL NUMBER IDENTIFIER
control field PILC
005 - DATE AND TIME OF LATEST TRANSACTION
control field 20250619152716.0
008 - FIXED-LENGTH DATA ELEMENTS--GENERAL INFORMATION
fixed length control field 060314s1979 xx 00 eng d
010 ## - LIBRARY OF CONGRESS CONTROL NUMBER
LC control number Acc#36269
020 ## - INTERNATIONAL STANDARD BOOK NUMBER
International Standard Book Number 0800613570
040 ## - CATALOGING SOURCE
Transcribing agency Philippine Baptist Theological Seminary
050 ## - LIBRARY OF CONGRESS CALL NUMBER
Classification number BX 4827 .B78
Item number P41 1979
100 10 - MAIN ENTRY--PERSONAL NAME
Personal name Perrin, Norman
245 10 - TITLE STATEMENT
Title The promise of Bultmann /
Statement of responsibility, etc. by Norman Perrin.
260 0# - PUBLICATION, DISTRIBUTION, ETC (IMPRINT)
Place of publication, distribution, etc. Philadelphia, PA :
Name of publisher, distributor, etc. Fortress Press,
Date of publication, distribution, etc. c1979.
300 ## - PHYSICAL DESCRIPTION
Extent 112 p. ; 19 cm.
500 ## - GENERAL NOTE
General note Includes bibliographical references
505 ## - FORMATTED CONTENTS NOTE
Formatted contents note Introduction-- Life, Times and Work of Rudolf Bultmann-- Theology, Faith, and Authentic Existence-- History, the Historicity of Man, and Eschatology; History as Historie; History as Geschichte; The Historicity of Man; Eschatology-- God, Jesus and History-- The keryma, Faith and Seif-Understanding-- Demythologizing and the Existence Interpretation of the Documents of Faith-- Retrospect and Prospect: The Promise of Bultmann.
650 ## - SUBJECT ADDED ENTRY--TOPICAL TERM
Topical term or geographic name as entry element BULTMANN, RUDOLF KARL, 1884-1976
942 ## - ADDED ENTRY ELEMENTS (KOHA)
Koha item type Circulation Books
Source of classification or shelving scheme Library of Congress Classification
Holdings
Withdrawn status Lost status Source of classification or shelving scheme Damaged status Not for loan Home library Current library Shelving location Date acquired Total Checkouts Full call number Barcode Date last seen Price effective from Koha item type
    Dewey Decimal Classification     PBTS Library PBTS Library Circulation Section 03/14/2006   BX 4827 .B78 P41 1979 36269 03/09/2026 04/02/2015 Circulation Books

Philippine Baptist Theological Seminary | 19 Tacay Road, Central Guisad, Baguio City 2600, Philippines